| 000 | 01429cam a22001934a 4500 | ||
|---|---|---|---|
| 005 | 20250605163959.0 | ||
| 008 | 250528s ||||||||||||||||||||||||d | ||
| 035 | _a15571 | ||
| 020 | _a9603320951 | ||
| 040 |
_aGR-AtMCL _bgre _dGR-AtMCL _eAACR2 |
||
| 245 | 1 | _aΟδηγός της Microsoft για το Ελληνικό Microsoft Word 97 / Αναλυτική Εισφορά και συμβουλές από τους Τεχνικούς | |
| 260 |
_bΚλειδάριθμος, _c1997 |
||
| 300 | _a1136 | ||
| 520 | _aΤο βιβλίο περιλαμβάνει τα πάντα - σύντομες και ξεκάθαρες οδηγίες για τους νέους χρήστες και περιεκτικές απαντήσεις για τους πεπειραμένους χρήστες. Περιέχει CD-ROM. Εισαγωγή, Ξεκίνημα, Τι Καινούργιο Υπάρχει στο Word 97, Ξενάγηση: Οι Οκτώ Σταθμοί της Ζωής Ενός Εγγράφου, Αλληλογραφία, Επιστράτευση του Οδηγού Επιστολής, Δημιουργία και Εκτύπωση Φακέλων και Ετικετών, Ομαδική Αλληλογραφία, Αποστολή Εγγράφων με Φαξ, Καταγραφή των Σκέψεων σας σε Σημειώματα. | ||
| 700 | 1 |
_aBorland Russell _91523 |
|
| 942 | _cBK | ||
| 999 |
_c1141 _d1141 |
||